[Event "ESP-ch FEDC 28th"]
[Site "Ubeda"]
[Date "2019.11.25"]
[Round "7"]
[White "San Juan Santin, Aaron"]
[Black "Lago Carballo, Carmen"]
[Result "1/2-1/2"]
[WhiteElo "1477"]
[BlackElo "1320"]
[PlyCount "80"]
[EventDate "2019.11.19"]
[EventType "swiss"]
[EventRounds "8"]
[EventCountry "ESP"]
[SourceTitle "EXT 2024"]
[Source "ChessBase"]
[SourceDate "2023.10.10"]
[SourceVersion "1"]
[SourceVersionDate "2023.10.10"]
[SourceQuality "1"]

1. e4 e5 2. Bc4 Nf6 3. d3 d6 4. Nf3 h6 5. Nbd2 Nc6 6. c3 Be7 7. 0-0 0-0 8. Re1 Bd7 9. b4 a6 10. Nf1 Qc8 11. Ne3 Be6 12. Nd5 b5 13. Nxe7+ Nxe7 14. Bxe6 Qxe6 15. Qb3 Ng6 16. Qxe6 fxe6 17. h3 Nh5 18. Be3 Nhf4 19. Rad1 Nxh3+ 20. Kh2 Nhf4 21. g3 Nxd3 22. Rxd3 Rxf3 23. Kg2 Raf8 24. Rd2 Kh8 25. Rc1 Kh7 26. c4 R3f7 27. cxb5 axb5 28. Rdc2 Rc8 29. Bb6 c5 30. bxc5 Rc6 31. Ba5 d5 32. Rb1 Rb7 33. a4 b4 34. Rxb4 Rxb4 35. Bxb4 Nf8 36. exd5 exd5 37. Rd2 d4 38. f4 Nd7 39. fxe5 Nxc5 40. Bxc5 Rxc5 1/2-1/2

[Event "ESP-ch FEDC 28th"]
[Site "Ubeda"]
[Date "2019.11.21"]
[Round "3"]
[White "Becerro Rio, Esteban"]
[Black "Lago Carballo, Carmen"]
[Result "1-0"]
[WhiteElo "1196"]
[BlackElo "1320"]
[PlyCount "101"]
[EventDate "2019.11.19"]
[EventType "swiss"]
[EventRounds "8"]
[EventCountry "ESP"]
[SourceTitle "EXT 2024"]
[Source "ChessBase"]
[SourceDate "2023.10.10"]
[SourceVersion "1"]
[SourceVersionDate "2023.10.10"]
[SourceQuality "1"]

1. d4 d5 2. e3 Nf6 3. c3 Bf5 4. Nf3 e6 5. Bd3 Ne4 6. 0-0 Nd7 7. Qe2 Bg6 8. Nbd2 Bd6 9. c4 Nxd2 10. Bxd2 c6 11. c5 Bc7 12. e4 dxe4 13. Bxe4 Bxe4 14. Qxe4 Nf6 15. Qe2 h6 16. Rad1 Qb8 17. Ne5 0-0 18. Bf4 Rd8 19. b4 Nd5 20. a3 Nc3 21. Qh5 Bxe5 22. Bxe5 Ne2+ 23. Qxe2 Qc8 24. Qg4 g6 25. Rd3 Kh7 26. Rf3 f5 27. Qf4 Rf8 28. Rh3 g5 29. Qxg5 Rf6 30. Bxf6 Qf8 31. Qg7+ Qxg7 32. Bxg7 Kxg7 33. f4 Rd8 34. Re1 Rxd4 35. Rxe6 Rxf4 36. Rf3 Rd4 37. Rxf5 Rd1+ 38. Kf2 Rd2+ 39. Kf3 Rd3+ 40. Ke4 Rd7 41. Kf4 Rd4+ 42. Re4 Rd7 43. Kg4 Kg6 44. Re6+ Kg7 45. Kh5 Rf7 46. Rxf7+ Kxf7 47. Rxh6 Kg7 48. Kg5 Kf7 49. Rg6 Ke8 50. Rg7 b6 51. Rxa7 1-0

[Event "Almunecar FEDC op 23th"]
[Site "Almunecar"]
[Date "2019.10.01"]
[Round "4"]
[White "Lago Carballo, Carmen"]
[Black "Hernandez Lopez, Joaquin"]
[Result "1-0"]
[WhiteElo "1326"]
[BlackElo "1170"]
[PlyCount "85"]
[EventDate "2019.09.28"]
[EventType "swiss"]
[EventRounds "7"]
[EventCountry "ESP"]
[SourceTitle "EXT 2024"]
[Source "ChessBase"]
[SourceDate "2023.10.10"]
[SourceVersion "1"]
[SourceVersionDate "2023.10.10"]
[SourceQuality "1"]

1. e4 c5 2. Nf3 Nc6 3. Bc4 e6 4. c3 d5 5. exd5 exd5 6. Qe2+ Nge7 7. Bb3 Be6 8. 0-0 g6 9. Ng5 Nf5 10. Nxe6 fxe6 11. Qxe6+ Qe7 12. Qxd5 Rd8 13. Qc4 a6 14. d3 Bh6 15. Nd2 b5 16. Qe4 Qxe4 17. Nxe4 Bf8 18. Nf6+ Ke7 19. Ng8+ Kd7 20. Re1 Nh4 21. Nf6+ Kc7 22. Nd5+ Kb7 23. Bg5 c4 24. dxc4 Nf5 25. Bxd8 bxc4 26. Bxc4 Nxd8 27. Nb4 Bxb4 28. cxb4 Nd6 29. Bd5+ Kc7 30. Rac1+ Kb6 31. a4 Re8 32. Rxe8 Nxe8 33. Rc8 Nc7 34. Rxd8 Nxd5 35. Rxd5 Kc6 36. Rd4 a5 37. bxa5 Kc5 38. a6 Kb6 39. Rd6+ Ka7 40. a5 Ka8 41. b4 Ka7 42. b5 Ka8 43. b6 1-0

[Event "Almunecar FEDC op 23th"]
[Site "Almunecar"]
[Date "2019.09.30"]
[Round "3"]
[White "Merino Gomez, Aurelio"]
[Black "Lago Carballo, Carmen"]
[Result "1-0"]
[WhiteElo "1539"]
[BlackElo "1326"]
[PlyCount "97"]
[EventDate "2019.09.28"]
[EventType "swiss"]
[EventRounds "7"]
[EventCountry "ESP"]
[SourceTitle "EXT 2024"]
[Source "ChessBase"]
[SourceDate "2023.10.10"]
[SourceVersion "1"]
[SourceVersionDate "2023.10.10"]
[SourceQuality "1"]

1. Nf3 d5 2. e3 Nf6 3. c4 c6 4. Nc3 Bf5 5. cxd5 Nxd5 6. d4 e6 7. h3 Bg6 8. Be2 Bb4 9. Bd2 Qa5 10. Qb3 Qb6 11. 0-0 Bxc3 12. bxc3 Nd7 13. Rfc1 0-0 14. c4 N5f6 15. Bc3 Ne4 16. Bb2 Qc7 17. Qd1 Rfe8 18. Bd3 Rad8 19. Qc2 Nef6 20. Bxg6 hxg6 21. Rab1 b6 22. Ba1 c5 23. Rd1 cxd4 24. exd4 Nd5 25. Rbc1 Rc8 26. Qd2 N5f6 27. Re1 Rcd8 28. Qg5 Nh5 29. Qb5 Nf4 30. Rcd1 Rc8 31. d5 exd5 32. cxd5 Rxe1+ 33. Rxe1 Qb7 34. Rd1 Rc5 35. Qb2 f6 36. d6 Nxh3+ 37. Kh2 Nf4 38. Qb3+ Kf8 39. Qe3 g5 40. Qe7+ Kg8 41. Re1 Rc8 42. Re4 Nd5 43. Qe6+ Kf8 44. Nd4 Rd8 45. Qh3 Kg8 46. Qe6+ Kf8 47. Nf5 Qc6 48. Ne7 Nf4 49. Qg8# 1-0

[Event "Benidorm FEDC op 22th"]
[Site "Benidorm"]
[Date "2019.06.14"]
[Round "6"]
[White "Rafael Recio, Maria Paloma"]
[Black "Lago Carballo, Carmen"]
[Result "0-1"]
[WhiteElo "1098"]
[BlackElo "1346"]
[PlyCount "118"]
[EventDate "2019.06.09"]
[EventType "swiss"]
[EventRounds "7"]
[EventCountry "ESP"]
[SourceTitle "EXT 2024"]
[Source "ChessBase"]
[SourceDate "2023.10.10"]
[SourceVersion "1"]
[SourceVersionDate "2023.10.10"]
[SourceQuality "1"]

1. e4 d5 2. exd5 Qxd5 3. Nc3 Qd8 4. Nf3 Nf6 5. Bc4 Bf5 6. Ng5 e6 7. 0-0 h6 8. Nf3 Be7 9. d4 c6 10. Bf4 Nbd7 11. a3 0-0 12. Qd2 Nb6 13. Ba2 Nbd5 14. Nxd5 cxd5 15. Ne5 Ne4 16. Qe3 Bg5 17. c3 Bxf4 18. Qxf4 Qd6 19. f3 Ng5 20. Rfe1 Rad8 21. Bb1 Bh3 22. Qg3 Bf5 23. Bxf5 exf5 24. h4 Ne6 25. f4 a6 26. Qf3 g6 27. h5 g5 28. fxg5 Nxg5 29. Qxf5 Qe6 30. Qxe6 Nxe6 31. Rf1 Ng5 32. Rf6 Kg7 33. Raf1 a5 34. a4 Rfe8 35. b3 Re6 36. Rxe6 fxe6 37. g4 Rf8 38. Rxf8 Kxf8 39. Kg2 Ne4 40. Ng6+ Kg7 41. Ne7 Nxc3 42. Nxd5 exd5 43. Kf3 Kf6 44. Kf4 Ne4 45. Ke3 Kg5 46. Kf3 Kf6 47. Kf4 Ke6 48. Kf3 Kf6 49. Kf4 Nd6 50. Ke3 Kg5 51. Kf3 Nb5 52. Ke3 Nd6 53. Kf3 b5 54. Kg3 bxa4 55. bxa4 Nc4 56. Kf3 Nb2 57. Ke3 Nxa4 58. Kd3 Nb6 59. Kc3 Kxg4 0-1

[Event "Benidorm FEDC op 22th"]
[Site "Benidorm"]
[Date "2019.06.12"]
[Round "4"]
[White "Linares Vernet, Ana"]
[Black "Lago Carballo, Carmen"]
[Result "0-1"]
[WhiteElo "1155"]
[BlackElo "1346"]
[PlyCount "68"]
[EventDate "2019.06.09"]
[EventType "swiss"]
[EventRounds "7"]
[EventCountry "ESP"]
[SourceTitle "EXT 2024"]
[Source "ChessBase"]
[SourceDate "2023.10.10"]
[SourceVersion "1"]
[SourceVersionDate "2023.10.10"]
[SourceQuality "1"]

1. d4 d5 2. Nf3 Bf5 3. e3 Nf6 4. c4 c6 5. Nc3 e6 6. Be2 Nbd7 7. 0-0 Be7 8. b3 0-0 9. Nh4 Ne4 10. Nxf5 Nxc3 11. Nxe7+ Qxe7 12. Qc2 Nxe2+ 13. Qxe2 Nf6 14. f3 Rfe8 15. Bd2 e5 16. dxe5 Qxe5 17. Rab1 d4 18. e4 Rad8 19. Qd3 Nd7 20. b4 b6 21. f4 Qxe4 22. Qxe4 Rxe4 23. Rbe1 Nf6 24. f5 Kf8 25. Bg5 Rde8 26. Rxe4 Nxe4 27. Bc1 d3 28. Rd1 Rd8 29. g4 d2 30. Bb2 Rd3 31. Kf1 Re3 32. Bc3 Rxc3 33. Ke2 Ra3 34. Ra1 h6 0-1

[Event "Benidorm FEDC op 22th"]
[Site "Benidorm"]
[Date "2019.06.10"]
[Round "2"]
[White "Guillen Andrinal, Pablo"]
[Black "Lago Carballo, Carmen"]
[Result "0-1"]
[WhiteElo "1013"]
[BlackElo "1346"]
[PlyCount "62"]
[EventDate "2019.06.09"]
[EventType "swiss"]
[EventRounds "7"]
[EventCountry "ESP"]
[SourceTitle "EXT 2024"]
[Source "ChessBase"]
[SourceDate "2023.10.10"]
[SourceVersion "1"]
[SourceVersionDate "2023.10.10"]
[SourceQuality "1"]

1. e4 d5 2. Nf3 dxe4 3. Ng5 Nf6 4. Bc4 e6 5. 0-0 h6 6. Nh3 Nbd7 7. Re1 Nb6 8. d3 exd3 9. Bxd3 Nbd5 10. Bd2 Nb4 11. Bf1 b6 12. Bxb4 Bxb4 13. Qxd8+ Kxd8 14. Rd1+ Ke7 15. a3 Bc5 16. Nc3 Bb7 17. b4 Bd6 18. Nb5 Be5 19. Rab1 Be4 20. Bd3 g5 21. Bxe4 Nxe4 22. Re1 Nd2 23. Rbd1 Nc4 24. a4 g4 25. f4 gxf3 26. gxf3 Rhg8+ 27. Kh1 Rgd8 28. Rxd8 Kxd8 29. Kg2 a6 30. Nd4 Bxd4 31. Rd1 Ne3+ 0-1

[Event "ESP-ch FEDC 27th"]
[Site "Almunecar"]
[Date "2018.12.03"]
[Round "8"]
[White "Lago Carballo, Carmen"]
[Black "Urlezaga Mandaluniz, Jose A"]
[Result "1-0"]
[WhiteElo "1365"]
[BlackElo "1170"]
[PlyCount "37"]
[EventDate "2018.11.26"]
[EventType "swiss"]
[EventRounds "8"]
[EventCountry "ESP"]
[SourceTitle "EXT 2024"]
[Source "ChessBase"]
[SourceDate "2023.10.10"]
[SourceVersion "1"]
[SourceVersionDate "2023.10.10"]
[SourceQuality "1"]

1. e4 c5 2. Nf3 a6 3. c3 e6 4. d4 Nf6 5. e5 Ng4 6. dxc5 Bxc5 7. Be3 Nxe3 8. fxe3 0-0 9. Qe2 Nc6 10. Nbd2 Be7 11. 0-0-0 b5 12. h4 b4 13. Ne4 Kh8 14. Qd3 bxc3 15. Nxc3 Nb4 16. Qe4 Rb8 17. Ng5 Bxg5 18. hxg5 g6 19. Qh4 1-0

[Event "ESP-ch FEDC 27th"]
[Site "Almunecar"]
[Date "2018.11.30"]
[Round "5"]
[White "Padron Hernandez, Oliver Antonio"]
[Black "Lago Carballo, Carmen"]
[Result "0-1"]
[WhiteElo "1011"]
[BlackElo "1365"]
[PlyCount "68"]
[EventDate "2018.11.26"]
[EventType "swiss"]
[EventRounds "8"]
[EventCountry "ESP"]
[SourceTitle "EXT 2024"]
[Source "ChessBase"]
[SourceDate "2023.10.10"]
[SourceVersion "1"]
[SourceVersionDate "2023.10.10"]
[SourceQuality "1"]

1. e4 d5 2. exd5 Qxd5 3. Nc3 Qa5 4. d4 c6 5. Nf3 Bf5 6. Bd3 Bxd3 7. Qxd3 e6 8. Bd2 Qc7 9. Ne5 Nf6 10. Qf3 Nbd7 11. Bf4 Bd6 12. Qg3 Nh5 13. Qf3 Nxf4 14. Qxf4 Nxe5 15. dxe5 Bxe5 16. Qd2 0-0 17. 0-0-0 Bf4 18. Qxf4 Qxf4+ 19. Kb1 Rad8 20. Ne2 Qxf2 21. Nc3 h6 22. g4 b5 23. Rdf1 Qb6 24. h4 a5 25. Ne4 Rd4 26. Re1 Rfd8 27. Kc1 c5 28. h5 Qc6 29. Nf6+ gxf6 30. g5 fxg5 31. Rhf1 Rd2 32. Rf6 Kg7 33. Ref1 Rd1+ 34. Rxd1 Rxd1+ 0-1

[Event "ESP-ch FEDC 27th"]
[Site "Almunecar"]
[Date "2018.11.29"]
[Round "4"]
[White "Lago Carballo, Carmen"]
[Black "Mondelo Fidalgo, Antonio"]
[Result "0-1"]
[WhiteElo "1365"]
[BlackElo "1690"]
[PlyCount "78"]
[EventDate "2018.11.26"]
[EventType "swiss"]
[EventRounds "8"]
[EventCountry "ESP"]
[SourceTitle "EXT 2024"]
[Source "ChessBase"]
[SourceDate "2023.10.10"]
[SourceVersion "1"]
[SourceVersionDate "2023.10.10"]
[SourceQuality "1"]

1. e4 e6 2. d4 d5 3. exd5 exd5 4. Nf3 Bd6 5. c3 Ne7 6. h3 Bf5 7. Bd3 Qd7 8. Bc2 Nbc6 9. Nbd2 Qe6+ 10. Kf1 Qg6 11. Bxf5 Nxf5 12. g4 Nfe7 13. Nh4 Qf6 14. Ndf3 h6 15. Be3 g5 16. Ng2 0-0-0 17. a4 Qg6 18. b4 Rde8 19. Nge1 Ng8 20. Qd3 Qe6 21. a5 Qe4 22. Qxe4 Rxe4 23. Ng2 Nge7 24. Nd2 Re6 25. f4 gxf4 26. Bxf4 Rf6 27. Ke2 Bxf4 28. Rhf1 Re6+ 29. Kd3 Bxd2 30. Kxd2 Nd8 31. Nf4 Re4 32. Kd3 c6 33. c4 Re8 34. Rac1 Kd7 35. cxd5 Nxd5 36. Nxd5 cxd5 37. Rf3 R8e7 38. Rc5 Kd6 39. b5 Ne6 0-1

[Event "ESP-ch FEDC 27th"]
[Site "Almunecar"]
[Date "2018.11.28"]
[Round "3"]
[White "Calvente Aldehuela, Antonia"]
[Black "Lago Carballo, Carmen"]
[Result "0-1"]
[WhiteElo "1302"]
[BlackElo "1365"]
[PlyCount "52"]
[EventDate "2018.11.26"]
[EventType "swiss"]
[EventRounds "8"]
[EventCountry "ESP"]
[SourceTitle "EXT 2024"]
[Source "ChessBase"]
[SourceDate "2023.10.10"]
[SourceVersion "1"]
[SourceVersionDate "2023.10.10"]
[SourceQuality "1"]

1. e4 d5 2. exd5 Qxd5 3. Nf3 Bf5 4. Nc3 Qd8 5. d4 c6 6. Bc4 e6 7. 0-0 Nf6 8. Re1 Be7 9. h3 Nbd7 10. Bd3 Bxd3 11. Qxd3 0-0 12. Bf4 Nb6 13. Ne5 Nbd5 14. Bh2 Nb4 15. Qd1 Nbd5 16. a3 Nxc3 17. bxc3 Nd5 18. Qd3 Nf6 19. a4 Rc8 20. Rab1 b6 21. Qf3 Qd5 22. Qxd5 cxd5 23. Re3 Ne4 24. Rb3 Bg5 25. f4 Bh4 26. Nf3 Bf2+ 0-1

[Event "Almunecar FEDC op 21th"]
[Site "Almunecar"]
[Date "2018.10.05"]
[Round "4"]
[White "Fernandez Cabrero, Fernando"]
[Black "Lago Carballo, Carmen"]
[Result "0-1"]
[WhiteElo "1550"]
[BlackElo "1322"]
[PlyCount "98"]
[EventDate "2018.10.02"]
[EventType "swiss"]
[EventRounds "7"]
[EventCountry "ESP"]
[SourceTitle "EXT 2024"]
[Source "ChessBase"]
[SourceDate "2023.10.10"]
[SourceVersion "1"]
[SourceVersionDate "2023.10.10"]
[SourceQuality "1"]

1. d4 d5 2. c4 c6 3. Nc3 Nf6 4. Nf3 Bf5 5. Bf4 e6 6. e3 a6 7. cxd5 Nxd5 8. Nxd5 Qxd5 9. a3 Be7 10. Rc1 0-0 11. Bc4 Qa5+ 12. Nd2 Nd7 13. 0-0 Nf6 14. h3 Rad8 15. Nb3 Qb6 16. Bd3 Bxd3 17. Qxd3 Nd5 18. Bg3 Nf6 19. Rc2 Bd6 20. Bxd6 Rxd6 21. Nc5 Rfd8 22. Qe2 Rd5 23. Rc4 Qc7 24. Rb4 Rb8 25. Rc1 Nd7 26. Nd3 b5 27. Rb3 a5 28. Rbc3 Rb6 29. Qc2 Rd6 30. Nc5 Nxc5 31. Rxc5 h6 32. a4 b4 33. Rxa5 Rb8 34. b3 Qxa5 35. Qd3 Rc8 36. Rc5 Qa7 37. Qc4 Qb7 38. Kf1 Rd5 39. Ke2 f6 40. f4 Rxc5 41. Qxc5 Rd8 42. e4 Qa6+ 43. Ke3 Qb7 44. Qc4 Kf7 45. Kf3 Qb6 46. Ke3 Rd6 47. Kd3 Ke7 48. Ke3 e5 49. fxe5 fxe5 0-1

[Event "Almunecar FEDC op 21th"]
[Site "Almunecar"]
[Date "2018.10.04"]
[Round "3"]
[White "Lago Carballo, Carmen"]
[Black "Venegas Nuno, Francisco"]
[Result "1-0"]
[WhiteElo "1322"]
[BlackElo "1612"]
[PlyCount "51"]
[EventDate "2018.10.02"]
[EventType "swiss"]
[EventRounds "7"]
[EventCountry "ESP"]
[SourceTitle "EXT 2024"]
[Source "ChessBase"]
[SourceDate "2023.10.10"]
[SourceVersion "1"]
[SourceVersionDate "2023.10.10"]
[SourceQuality "1"]

1. e4 c5 2. Nf3 Nc6 3. c3 d5 4. e5 e6 5. d4 Qb6 6. Bd3 cxd4 7. cxd4 Bd7 8. Bc2 Bb4+ 9. Nc3 Nge7 10. 0-0 Nf5 11. Bxf5 exf5 12. a3 Be7 13. Nxd5 Qd8 14. Nxe7 Nxe7 15. Bg5 0-0 16. Re1 h6 17. Bh4 g5 18. Bxg5 hxg5 19. Nxg5 Be6 20. Qh5 Re8 21. Qh7+ Kf8 22. Qh6+ Kg8 23. Nh7 f6 24. Nxf6+ Kf7 25. Qh7+ Kf8 26. Nh5 1-0

[Event "IBCA Wch Blind and Visually imp (Women)"]
[Site "Solec Zdroj"]
[Date "2018.08.14"]
[Round "4.8"]
[White "Malcer, Joanna"]
[Black "Lago Carballo, Carmen"]
[Result "1/2-1/2"]
[WhiteElo "1556"]
[BlackElo "1311"]
[PlyCount "68"]
[EventDate "2018.08.14"]
[EventType "swiss"]
[EventRounds "9"]
[EventCountry "POL"]
[SourceTitle "EXT 2024"]
[Source "ChessBase"]
[SourceDate "2023.10.10"]
[SourceVersion "1"]
[SourceVersionDate "2023.10.10"]
[SourceQuality "1"]

1. e4 d5 2. exd5 Qxd5 3. Nc3 Qa5 4. d4 c6 5. Nf3 Bf5 6. Bd3 Bxd3 7. Qxd3 e6 8. 0-0 Nf6 9. Be3 Qc7 10. Rad1 Bd6 11. Rfe1 0-0 12. h3 Nbd7 13. a3 Rad8 14. Ne4 Nxe4 15. Qxe4 Nf6 16. Qd3 h6 17. Qb3 a6 18. c4 b5 19. c5 Be7 20. Ne5 Nd5 21. f4 Bf6 22. Nf3 Nxf4 23. Qc2 Nxh3+ 24. gxh3 Rd5 25. Qh2 Qc8 26. Kh1 Rh5 27. Rg1 e5 28. Rg3 e4 29. Ng1 Rd8 30. Qg2 Qe6 31. Rf1 Rdd5 32. Rf4 Bg5 33. Rxe4 Qf5 34. Bxg5 hxg5 1/2-1/2

[Event "ESP-ch FEDC 26th"]
[Site "Ciudad Real"]
[Date "2017.11.16"]
[Round "5.19"]
[White "Lago Carballo, Carmen"]
[Black "Ariste Justo, Jesus Angel"]
[Result "0-1"]
[WhiteElo "1313"]
[BlackElo "1739"]
[PlyCount "110"]
[EventDate "2017.11.12"]
[EventType "swiss"]
[EventRounds "8"]
[EventCountry "ESP"]
[SourceTitle "EXT 2024"]
[Source "ChessBase"]
[SourceDate "2023.10.10"]
[SourceVersion "1"]
[SourceVersionDate "2023.10.10"]
[SourceQuality "1"]

1. e4 c5 2. Nf3 a6 3. c3 d5 4. e5 Bf5 5. d4 e6 6. Bd3 Bxd3 7. Qxd3 Nc6 8. 0-0 Qb6 9. Nbd2 Rc8 10. Qc2 Nge7 11. Qb3 Qc7 12. Qd1 Nf5 13. Nb3 b6 14. Bf4 Be7 15. h3 0-0 16. Bh2 a5 17. Rc1 a4 18. Nbd2 b5 19. Re1 Qb6 20. Nf1 cxd4 21. cxd4 Nfxd4 22. Nxd4 Nxd4 23. Bf4 Nf5 24. Ne3 Nxe3 25. Bxe3 Bc5 26. Bxc5 Rxc5 27. Rxc5 Qxc5 28. Qc1 Rc8 29. Qxc5 Rxc5 30. Re2 Kf8 31. Kf1 Rc1+ 32. Re1 Rxe1+ 33. Kxe1 Ke7 34. Ke2 Kd7 35. Kd3 Kc6 36. Kd4 f6 37. f4 fxe5+ 38. fxe5 b4 39. g4 g5 40. b3 axb3 41. axb3 Kb5 42. Ke3 Kc5 43. Kd3 d4 44. Ke4 h6 45. Kd3 Kd5 46. Ke2 Kxe5 47. Kf3 Kd5 48. Ke2 e5 49. Kd3 e4+ 50. Kd2 d3 51. Ke3 Ke5 52. Kd2 Kd4 53. Kd1 Ke3 54. Ke1 Kf3 55. Kd2 e3+ 0-1

[Event "ESP-ch FEDC 26th"]
[Site "Ciudad Real"]
[Date "2017.11.13"]
[Round "2.21"]
[White "Mondelo Fidalgo, Antonio"]
[Black "Lago Carballo, Carmen"]
[Result "1-0"]
[WhiteElo "1677"]
[BlackElo "1313"]
[PlyCount "51"]
[EventDate "2017.11.12"]
[EventType "swiss"]
[EventRounds "8"]
[EventCountry "ESP"]
[SourceTitle "EXT 2024"]
[Source "ChessBase"]
[SourceDate "2023.10.10"]
[SourceVersion "1"]
[SourceVersionDate "2023.10.10"]
[SourceQuality "1"]

1. d4 d5 2. Bf4 Bf5 3. e3 Nf6 4. c4 e6 5. Nc3 c6 6. Qb3 Qc8 7. Rc1 Nbd7 8. h3 Be7 9. Nf3 0-0 10. Nh4 Be4 11. Nxe4 Nxe4 12. Nf3 Bd6 13. Ne5 Nef6 14. Ng6 hxg6 15. Bxd6 Re8 16. Bd3 e5 17. cxd5 Nxd5 18. Bc4 exd4 19. Bxd5 Kh8 20. Bxf7 Re4 21. Bxg6 Rh4 22. Bf4 dxe3 23. Qxe3 Nf6 24. Qg3 Qe6+ 25. Kf1 Ng4 26. Qxh4+ 1-0

[Event "Almunecar FEDC op 19th"]
[Site "Almunecar"]
[Date "2017.10.06"]
[Round "7.10"]
[White "Samper Alarcon, Julio Alfredo"]
[Black "Lago Carballo, Carmen"]
[Result "1-0"]
[WhiteElo "1611"]
[BlackElo "1371"]
[PlyCount "129"]
[EventDate "2017.09.30"]
[EventType "swiss"]
[EventRounds "7"]
[EventCountry "ESP"]
[SourceTitle "EXT 2024"]
[Source "ChessBase"]
[SourceDate "2023.10.10"]
[SourceVersion "1"]
[SourceVersionDate "2023.10.10"]
[SourceQuality "1"]

1. d4 d5 2. Nf3 Nf6 3. e3 Bf5 4. Bd3 Bxd3 5. Qxd3 e6 6. Nbd2 Nbd7 7. e4 dxe4 8. Nxe4 Nxe4 9. Qxe4 c6 10. 0-0 Nf6 11. Qe5 Qd5 12. Bf4 Qxe5 13. Nxe5 Be7 14. c3 Rd8 15. h3 Nd7 16. Nc4 Nf6 17. Na5 Rd7 18. Bb8 a6 19. Nc4 0-0 20. Bf4 Nd5 21. Bg3 Rc8 22. Rad1 c5 23. Ne5 Rdd8 24. dxc5 Bxc5 25. Rd3 Nb6 26. Rfd1 Rxd3 27. Rxd3 Be7 28. f3 Rd8 29. Rxd8+ Bxd8 30. Nd3 Be7 31. Kf2 Nd7 32. Ke2 Nc5 33. Bf2 Nxd3 34. Kxd3 Kf8 35. a4 Ke8 36. Kc4 Kd7 37. Bc5 Bd6 38. b4 Kc7 39. Bf2 f6 40. b5 g6 41. Bd4 Be7 42. Bf2 Bd6 43. Bh4 Be5 44. Bf2 Bd6 45. Bg1 Be7 46. Be3 Bd6 47. Bd2 Be7 48. Bf4+ Bd6 49. Be3 Be7 50. Kb3 Bd6 51. c4 axb5 52. axb5 b6 53. Kc3 e5 54. Kd3 f5 55. Bh6 Kd7 56. Be3 Kc7 57. Bg1 Kd7 58. Bxb6 Kc8 59. Bf2 Kb7 60. c5 Be7 61. Kc4 e4 62. fxe4 fxe4 63. Kd4 e3 64. Bxe3 Kc7 65. Kd5 1-0

[Event "Madrid FEDC-ch 25th"]
[Site "Madrid"]
[Date "2016.11.13"]
[Round "8"]
[White "Sanchez Ruiz, Piedad Esmeralda"]
[Black "Lago Carballo, Carmen"]
[Result "1-0"]
[WhiteElo "1745"]
[BlackElo "1424"]
[PlyCount "55"]
[EventDate "2016.11.06"]
[EventType "swiss"]
[EventRounds "8"]
[EventCountry "ESP"]
[SourceTitle "CBM 175 Extra"]
[Source "ChessBase"]
[SourceDate "2016.12.12"]
[SourceVersion "1"]
[SourceVersionDate "2016.12.12"]
[SourceQuality "1"]

1. e4 d5 2. exd5 Qxd5 3. Nc3 Qd8 4. d4 Bf5 5. Bc4 e6 6. Nf3 c6 7. 0-0 Nf6 8. Re1 Be7 9. Bg5 Nbd7 10. Qd2 Nd5 11. Ne4 Bxe4 12. Rxe4 N7f6 13. Re2 h6 14. Bh4 Ng4 15. Bxe7 Qxe7 16. h3 Ngf6 17. Bb3 Nd7 18. c4 N5f6 19. d5 cxd5 20. cxd5 e5 21. d6 Qd8 22. Nxe5 0-0 23. Nxf7 Rxf7 24. Re7 Kh8 25. Rxf7 Ne8 26. Re1 Ndf6 27. Rf8+ Kh7 28. Qd3+ 1-0

[Event "Madrid FEDC-ch 25th"]
[Site "Madrid"]
[Date "2016.11.10"]
[Round "5"]
[White "Martinez Torres, Jose Manuel"]
[Black "Lago Carballo, Carmen"]
[Result "1-0"]
[WhiteElo "1472"]
[BlackElo "1424"]
[PlyCount "59"]
[EventDate "2016.11.06"]
[EventType "swiss"]
[EventRounds "8"]
[EventCountry "ESP"]
[SourceTitle "CBM 175 Extra"]
[Source "ChessBase"]
[SourceDate "2016.12.12"]
[SourceVersion "1"]
[SourceVersionDate "2016.12.12"]
[SourceQuality "1"]

1. e4 d5 2. e5 Bf5 3. d4 e6 4. Nf3 Nc6 5. a3 a6 6. Be2 Nge7 7. b4 Ng6 8. b5 axb5 9. Bxb5 Ra5 10. a4 Be7 11. 0-0 0-0 12. Bd2 Ra8 13. h3 Nh4 14. c3 Be4 15. Nxh4 Bxh4 16. Be3 Ne7 17. Nd2 Ng6 18. Nxe4 dxe4 19. Qg4 c6 20. Bc4 Be7 21. Qxe4 Bg5 22. f4 Be7 23. g4 Qd7 24. f5 exf5 25. gxf5 Nh4 26. Kh2 Qc7 27. f6 Bxf6 28. Rxf6 gxf6 29. Qxh4 fxe5 30. Rg1+ 1-0

[Event "Madrid FEDC-ch 25th"]
[Site "Madrid"]
[Date "2016.11.09"]
[Round "4"]
[White "Lago Carballo, Carmen"]
[Black "Garcia Cervigon, Juan Pablo"]
[Result "0-1"]
[WhiteElo "1424"]
[BlackElo "1686"]
[PlyCount "88"]
[EventDate "2016.11.06"]
[EventType "swiss"]
[EventRounds "8"]
[EventCountry "ESP"]
[SourceTitle "CBM 175 Extra"]
[Source "ChessBase"]
[SourceDate "2016.12.12"]
[SourceVersion "1"]
[SourceVersionDate "2016.12.12"]
[SourceQuality "1"]

1. e4 c5 2. Nf3 Nc6 3. c3 e6 4. d4 cxd4 5. cxd4 d5 6. e5 Bd7 7. Nc3 Rc8 8. Be3 Nge7 9. Bd3 Ng6 10. Bc2 Be7 11. 0-0 Nh4 12. Nxh4 Bxh4 13. g3 Be7 14. f4 g6 15. a3 Na5 16. Ba4 Nc4 17. Bxd7+ Qxd7 18. Qe2 a6 19. Bf2 0-0 20. Nd1 Qb5 21. b4 Nxa3 22. Qxb5 Nxb5 23. Rb1 Rc4 24. Be3 Rfc8 25. Nf2 Rxb4 26. Ng4 Kg7 27. h4 h5 28. Nf2 Rxb1 29. Rxb1 Rc3 30. Nd1 Rc4 31. Nf2 Kf8 32. Kg2 f6 33. Kf1 Kf7 34. Nd1 Bd8 35. Nf2 Bb6 36. Nd1 Bxd4 37. Bxd4 Rxd4 38. Nf2 fxe5 39. fxe5 Rc4 40. Nd3 Rc7 41. Nf4 Nd4 42. Rd1 Nc6 43. Nd3 a5 44. Rc1 b5 0-1

[Event "Almunecar FEDC op 17th"]
[Site "Almunecar"]
[Date "2016.09.27"]
[Round "3"]
[White "Guillen Andrinal, Pablo"]
[Black "Lago Carballo, Carmen"]
[Result "1/2-1/2"]
[WhiteElo "1586"]
[BlackElo "1426"]
[PlyCount "47"]
[EventDate "2016.09.25"]
[EventType "swiss"]
[EventRounds "7"]
[EventCountry "ESP"]
[SourceTitle "EXT 2017"]
[Source "ChessBase"]
[SourceDate "2016.10.25"]
[SourceVersion "1"]
[SourceVersionDate "2016.10.25"]
[SourceQuality "1"]

1. Nc3 Nf6 2. e4 c6 3. d4 d5 4. Bg5 Nxe4 5. Nxe4 dxe4 6. Ne2 Qd5 7. Qd2 h6 8. Bf4 Bf5 9. Nc3 Qd8 10. d5 a6 11. Rd1 e6 12. dxe6 Qxd2+ 13. Rxd2 Bxe6 14. Nxe4 Nd7 15. Bd6 Bd5 16. Bxf8 Bxe4 17. Bxg7 Rg8 18. Re2 Rxg7 19. Rxe4+ Kf8 20. g3 Nf6 21. Re3 Ng4 22. Rb3 Re8+ 23. Be2 b5 24. h3 1/2-1/2